000 00617nam a2200253Ia 4500
003 OSt
005 20221007102028.0
006 a|||||r|||| 00| 0
007 ta
008 221006b |||||||| |||| 00| 0 eng d
024 _a9,236
037 _cTextual
040 _aLCO
_cLCO
_beng
041 _2eng
_aeng
082 _aZ3,5, P2
100 _aGURR N
_9704166
245 0 _aNEW FACE of Terrorism
260 _aLondon
_bTauris & Co.
_c2002
300 _a312
650 _aTERRORISM
700 _a COLE B
_9704167
942 _hZ3,5, P2
_cTEXL
999 _c1178799
_d1178799